Finálový ohňostroj slovenských lodí Majstrovstvá Európy v rýchlostnej kanoistike, Szeged 18.-21. júla 2002

Bibliographic Details
Main Author: Nejezchleb, Richard (Author)
Format: Article
Language:Slovak
ISSN:0139-7001
Subjects:

MARC

LEADER 00000nab a2200000 a 4500
001 vtls000801813
003 SK-MaSNL
005 20260303072827.0
008 160405c2002 xo 0 slo
015 |a SNBRB2002/08-24059 
035 |a CLN000153468 
040 |a SNKBUCL  |b slo  |c SNKBUCL  |e AACR2 
041 0 |a slo 
044 |a xo  |c SK 
080 |a 797.122.3.093.1(4)  |2 1997 
100 1 |a Nejezchleb, Richard  |4 aut  |9 273882 
245 1 0 |a Finálový ohňostroj slovenských lodí  |b Majstrovstvá Európy v rýchlostnej kanoistike, Szeged 18.-21. júla 2002  |c Richard Nejezchleb 
611 1 7 |a Majstrovstvá Európy v rýchlostnej kanoistike  |d 2002  |c Szeged, Maďarsko  |2 snkbucl  |9 1073273 
650 0 7 |a rýchlostná kanoistika  |2 snkbucl  |9 23438 
655 7 |a články z novín a časopisov  |2 snkbucl  |9 267496 
773 0 |x 0139-7001  |t Šport  |g Roč. 56, č. 167 (20.7.2002), s. 6 
850 |a Slovenská národná knižnica v Martine 
852 |a SNK  |b KIS3GCP 
958 |a HU 
958 |a RBX 
999 |c 1764946  |d 1766876